000
00293nam a22001337a 4500
008
170602b xxu||||| |||| 00| 0 eng d
020
_a
9780312083496
041
_a
eng
080
_a
93
100
_a
17
101
_a
SHH
245
_a
THE AGE OF MCCARTHYISM
_c
SCHRECKER, E
942
_2
udc
_c
BK
999
_c
15734
_d
15734